| 000 | 01100nam a2200277 a 4500 | ||
|---|---|---|---|
| 001 | |||
| 003 | DO-SdBNP | ||
| 005 | 20250618094434.0 | ||
| 007 | ta | ||
| 008 | 081127s2008 dr a 000 0 spa d | ||
| 040 |
_aDO-SdBNP _bspa _cDO-SdBNP |
||
| 082 | 4 |
_a923.27293 _bS232C, 2008 _222 |
|
| 100 | 1 |
_aCassá, Roberto, _d1948- _910888 |
|
| 245 | 1 | 0 |
_aPedro Santana : _bautócrata y anexionista / _cRoberto Cassá ; ilustraciones, Ramiro Manzano |
| 250 | _a3a. ed. | ||
| 260 |
_aSanto Domingo : _bTobogán, _c2008 |
||
| 300 |
_a64 p. : _bil. ; _c21 cm. |
||
| 490 | 0 | _aBiografías dominicanas Tobogán | |
| 500 | _aincluye datos biográficos. | ||
| 504 | _a | ||
| 505 | 0 | _aAutócrata y anexionista -- Inicios -- Preparación de la Independencia -- Jefe del frente Sur -- Conato de guerra civil con Los Trinitarios -- Primera presidencia 31 -- Ruptura con Báez -- Tercera administración -- Preparativos de la anexión a España -- Capitán general -- La última batalla. | |
| 590 | _aInventariado.2020/VM | ||
| 700 | 1 |
_aManzano, Pedro _eil. _956560 |
|
| 910 | _aV/M | ||
| 942 |
_2ddc _cLBS1 |
||
| 999 |
_c48932 _d48932 |
||